[Event "Pan American-ch (Women)"]
[Site "Montevideo"]
[Date "2012.11.30"]
[Round "9"]
[White "Felix Vega, Aurora Edith"]
[Black "Heredia Serrano, Carla Sofia"]
[Result "0-1"]
[WhiteElo "1963"]
[BlackElo "2206"]
[PlyCount "58"]
[EventDate "2012.11.24"]
[EventType "swiss"]
[EventRounds "9"]
[EventCountry "URU"]
[SourceTitle "CBM 151 Extra"]
[Source "ChessBase"]
[SourceDate "2012.12.18"]
[SourceVersion "1"]
[SourceVersionDate "2012.12.18"]
[SourceQuality "1"]

1. e4 e6 2. Nc3 d5 3. Nf3 Nf6 4. e5 Nfd7 5. d4 c5 6. dxc5 Nc6 7. Bf4 Bxc5 8. Bd3 h6 9. h4 a6 10. Qe2 Qb6 11. 0-0-0 Qa5 12. Kb1 b5 13. Rhe1 Nb6 14. Nd2 Na4 15. Nb3 Qb6 16. Nxd5 exd5 17. e6 Bxe6 18. Bf5 0-0 19. Bxe6 fxe6 20. Qxe6+ Kh7 21. Qg4 Ne7 22. Re6 Rxf4 23. Qe2 Qc7 24. Nxc5 Qxc5 25. Rxe7 Rc8 26. Qd3+ Kh8 27. Re5 Rxf2 28. Rxd5 Qxc2+ 29. Qxc2 Rcxc2 0-1